000 00570nam a2200229 a 4500
001 nice12345678
003 IN_TiNIC
005 20260116011322.0
008 050524s1918 oxfa grp 000 0 eng
020 _a
_c100
082 0 0 _a891.71
_bLYA
100 _aLyall, Charles James
245 _aMufaddaliyat
_b an Anthology of Ancient Arabian Odes Vol.2
260 _aOxford
_bClarendon Press
_c1918
300 _a389p
500 _aincludes index and biblioraphy
505 2 _aIndex
650 _aArabic-Poetry
902 _bSRS
942 _cBK
999 _c469
_d469